Data structures using C (Record no. 5172)
[ view plain ]
| 000 -LEADER | |
|---|---|
| fixed length control field | 00510nam a2200181Ia 4500 |
| 003 - CONTROL NUMBER IDENTIFIER | |
| control field | SGT |
| 020 ## - INTERNATIONAL STANDARD BOOK NUMBER | |
| International Standard Book Number | 9788131702291 |
| 082 ## - DEWEY DECIMAL CLASSIFICATION NUMBER | |
| Classification number | 5.73 |
| Item number | TEN |
| 100 ## - MAIN ENTRY--PERSONAL NAME | |
| Personal name | Tenenbaum,Aaron M |
| 245 ## - TITLE STATEMENT | |
| Title | Data structures using C |
| 260 ## - PUBLICATION, DISTRIBUTION, ETC. (IMPRINT) | |
| Name of publisher, distributor, etc | Pearson |
| Place of publication, distribution, etc | N.Delhi |
| Year of Publication | 2009 |
| 300 ## - PAGE DESCRIPTION | |
| No. of Pages | 656p. |
| 650 ## - SUBJECT ADDED ENTRY--TOPICAL TERM | |
| Topical term or geographic name as entry element | COMPUTER SCIENCE |
| 653 ## - KEYWORDS--INDEX TERM | |
| Keyword term | INTRODUCTION TO DATA STRUCTURES, THE STACK, RECURSION, QUEUES AND LISTS, GRAPHS AND THEIR APPLICATIONS |
| 700 ## - ADDED ENTRY--PERSONAL NAME | |
| Personal name | Augenstein,Moshe J |
| 700 ## - ADDED ENTRY--PERSONAL NAME | |
| Personal name | Langsam,Yedidyah |
| 942 ## - ADDED ENTRY ELEMENTS (KOHA) | |
| Source of classification or shelving scheme | Dewey Decimal Classification |
| Koha item type | Books |
| 942 ## - ADDED ENTRY ELEMENTS (KOHA) | |
| -- | 20 |
| Withdrawn status | Lost status | Source of classification or shelving scheme | Damaged status | Not for loan | Home library | Current library | Date acquired | SGTU | Total Checkouts | Full call number | Accession No. (Barcode) | Date last seen | Date last borrowed | Bill Date | Koha item type | Use restrictions | Shelving location | Total Renewals |
|---|---|---|---|---|---|---|---|---|---|---|---|---|---|---|---|---|---|---|
| Dewey Decimal Classification | SGT Engineering Library | SGT Engineering Library | 24/06/2011 | SGTU | 7 | 5.73 TEN | FE3052 | 08/05/2024 | 19/04/2024 | 09/02/2015 | Books | |||||||
| Dewey Decimal Classification | Not For Loan | SGT Engineering Library | SGT Engineering Library | 24/06/2011 | SGTU | 5.73 TEN | FE3053 | 09/02/2015 | 09/02/2015 | Books | Restricted Access | Reference Book | ||||||
| Dewey Decimal Classification | SGT Engineering Library | SGT Engineering Library | 24/06/2011 | SGTU | 6 | 5.73 TEN | FE3054 | 26/08/2024 | 13/08/2024 | 09/02/2015 | Books | 1 | ||||||
| Dewey Decimal Classification | SGT Engineering Library | SGT Engineering Library | 24/06/2011 | SGTU | 10 | 5.73 TEN | FE3055 | 18/08/2025 | 05/08/2025 | 09/02/2015 | Books | 3 | ||||||
| Dewey Decimal Classification | SGT Engineering Library | SGT Engineering Library | 24/06/2011 | SGTU | 3 | 5.73 TEN | FE3056 | 02/03/2023 | 16/02/2023 | 09/02/2015 | Books |